Способ регулирования постоянных напряжений с неизменной формой выходного тока; Проблемы преобразовательной техники; Ч. 5

Détails bibliographiques
Parent link:Проблемы преобразовательной техники: тезисы докладов 4 Всесоюзной научно-технической конференции (Киев, сентябрь, 1987)
Ч. 5.— 1987.— С. 26-28
Auteur principal: Багинский Б. А.
Langue:russe
Publié: 1987
Sujets:
Format: MixedMaterials Chapitre de livre
KOHA link:https://koha.lib.tpu.ru/cgi-bin/koha/opac-detail.pl?biblionumber=594938

MARC

LEADER 00000naa0a2200000 4500
001 594938
005 20250221114337.0
035 |a (RuTPU)RU\TPU\tpu\12259 
090 |a 594938 
100 |a 20050603d1987 k y0rusy50 ca 
101 0 |a rus 
102 |a RU 
200 1 |a Способ регулирования постоянных напряжений с неизменной формой выходного тока  |f Б. А. Багинский 
461 |t Проблемы преобразовательной техники  |o тезисы докладов 4 Всесоюзной научно-технической конференции (Киев, сентябрь, 1987) 
463 |t Ч. 5  |v С. 26-28  |d 1987 
610 1 |a постоянные напряжения 
610 1 |a выходной ток 
610 1 |a регулирование 
610 1 |a труды учёных ТПУ 
700 1 |a Багинский  |b Б. А. 
801 1 |a RU  |b 63413507  |c 20050603  |g PSBO 
801 2 |a RU  |b 63413507  |c 20100421  |g RCR 
942 |c BK